| Tag |
First Indicator |
Second Indicator |
Subfields |
| LEADER |
00000cam a2200000Mi 4500 |
| 001 |
in00003565340 |
| 006 |
m o d |
| 007 |
cr mnu---uuaaa |
| 008 |
121227s1986 ne o 000 0 eng |
| 005 |
20260420215006.6 |
| 020 |
|
|
|a 9789400945746 (electronic bk.)
|
| 020 |
|
|
|a 9400945744 (electronic bk.)
|
| 020 |
|
|
|z 9789401085328
|
| 020 |
|
|
|z 9401085323
|
| 035 |
|
|
|a (OCoLC)851384161
|
| 040 |
|
|
|a AU@
|b eng
|c AU@
|d OCLCQ
|d OCLCO
|d GW5XE
|d UtOrBLW
|
| 049 |
|
|
|a TXAM
|
| 050 |
|
4 |
|a B1-5802
|
| 072 |
|
7 |
|a HP
|2 bicssc
|
| 072 |
|
7 |
|a PHI000000
|2 bisacsh
|
| 082 |
0 |
4 |
|a 100
|
| 100 |
1 |
|
|a Márkus, György.
|
| 245 |
1 |
0 |
|a Language and Production :
|b a Critique of the Paradigms /
|c by Gyorgy Markus.
|
| 264 |
|
1 |
|a Dordrecht :
|b Springer Netherlands,
|c 1986.
|
| 300 |
|
|
|a 1 online resource (208 pages)
|
| 336 |
|
|
|a text
|b txt
|2 rdacontent
|
| 337 |
|
|
|a computer
|b c
|2 rdamedia
|
| 338 |
|
|
|a online resource
|b cr
|2 rdacarrier
|
| 490 |
1 |
|
|a Boston Studies in the Philosophy of Science,
|x 0068-0346 ;
|v 96
|
| 500 |
|
|
|a Electronic resource.
|
| 650 |
|
0 |
|a Philosophy (General)
|
| 650 |
|
0 |
|a Anthropology.
|
| 655 |
|
7 |
|a Electronic books.
|2 local
|
| 710 |
2 |
|
|a SpringerLink (Online service)
|
| 776 |
1 |
8 |
|i Print version:
|z 9789401085328
|
| 830 |
|
0 |
|a Boston studies in the philosophy of science ;
|v 96.
|
| 856 |
4 |
0 |
|u http://proxy.library.tamu.edu/login?url=https://link.springer.com/10.1007/978-94-009-4574-6
|z Connect to the full text of this electronic book
|t 0
|
| 994 |
|
|
|a 92
|b TXA
|
| 999 |
|
|
|a MARS
|
| 999 |
f |
f |
|s 285204cb-d9d5-3adf-a9e6-4548b296f031
|i 5e79faa0-17f2-34c1-8b95-35869df908e5
|t 0
|
| 952 |
f |
f |
|a Texas A&M University
|b College Station
|c Electronic Resources
|s www_evans
|d Available Online
|t 0
|e B1-5802
|h Library of Congress classification
|
| 998 |
f |
f |
|a B1-5802
|t 0
|l Available Online
|